书目信息 |
| 题名: |
新编商务英语基础
|
|
| 作者: | 克里斯蒂 原著 ;李相敏 , 武丽娜 编译 | |
| 分册: | 初级 | |
| 出版信息: | 北京 北京大学出版社 2008.12 |
|
| 页数: | 181页 | |
| 开本: | 26cm | |
| 丛书名: | 全国职业技能英语系列教材 | |
| 单 册: | ||
| 中图分类: | H31 | |
| 科图分类: | ||
| 主题词: | 商务--shang wu--英语--职业技术教育--教材 | |
| 电子资源: | ||
| ISBN: | 978-7-301-14438-1 | |
| 000 | 01353nam 2200325 450 | |
| 001 | 012009915885 | |
| 005 | 20090926112455.17 | |
| 010 | @a978-7-301-14438-1@dCNY29.00 (含光盘) | |
| 016 | @aCN-A20-09-0000-0@b光盘 | |
| 100 | @a20090926d2008 em y0chiy0120 ea | |
| 101 | 2 | @achi@aeng@ceng |
| 102 | @aCN@b110000 | |
| 105 | @aa z 000yy | |
| 106 | @ar | |
| 200 | 1 | @a新编商务英语基础@Axin bian shang wu ying yu ji chu@d= New basis for business@i初级@fDavid Christie原著@FDavid Christie yuan zhu@g李相敏, 武丽娜编译@Gli xiang min,wu li na bian yi@zeng |
| 210 | @a北京@c北京大学出版社@d2008.12 | |
| 215 | @a181页@c图@d26cm@e光盘1片 | |
| 225 | 2 | @a全国职业技能英语系列教材@Aquan guo zhi ye ji neng ying yu xi lie jiao cai |
| 314 | @a责任者规范汉译姓 : 克里斯蒂 | |
| 330 | @a本书为初级学习者提供了全面提高商务英语听、说、读、写能力的内容,涵盖工作场所、项目计划、全球业务、业务规划、市场营销、贸易展览等各个方面。 | |
| 410 | 0 | @12001 @a全国职业技能英语系列教材 |
| 510 | 1 | @aNew basis for business@zeng |
| 517 | 1 | @a商务英语基础@Ashang wu ying yu ji chu |
| 606 | 0 | @a商务@Ashang wu@x英语@x职业技术教育@j教材 |
| 690 | @aH31@v4 | |
| 701 | 1 | @a克里斯蒂@Ake li si di@g(Christie, David)@4原著 |
| 702 | 0 | @a李相敏@Ali xiang min@4编译 |
| 702 | 0 | @a武丽娜@Awu li na@4编译 |
| 801 | 0 | @aCN@bQSSK@c20090926 |
| 905 | @b758772-74@dH31@eK656@f3 | |
| 新编商务英语基础= New basis for business.初级/David Christie原著/李相敏, 武丽娜编译.-北京:北京大学出版社,2008.12 |
| 181页:图;26cm+光盘1片.-(全国职业技能英语系列教材) |
| ISBN 978-7-301-14438-1:CNY29.00 (含光盘) |
| 本书为初级学习者提供了全面提高商务英语听、说、读、写能力的内容,涵盖工作场所、项目计划、全球业务、业务规划、市场营销、贸易展览等各个方面。 |
| ● |
| 相关链接 |
|
|
|
正题名:新编商务英语基础
索取号:H31/K656
 
预约/预借
| 序号 | 登录号 | 条形码 | 馆藏地/架位号 | 状态 | 备注 |
| 1 | 758772 | 207587725 | 语言库209/209语言库 83排1列4层/ [索取号:H31/K656] | 在馆 | |
| 2 | 758773 | 207587734 | 语言库209/209语言库 83排1列4层/ [索取号:H31/K656] | 在馆 | |
| 3 | 758774 | 207587743 | 语言库209/209语言库 83排1列4层/ [索取号:H31/K656] | 在馆 |